عرض عادي
عرض مارك
- Wörterbuch.
مدخل تقسيم شكلي
001 - رقم الضبط
- حقل الضبط: 19500
003 - معرف رقم الضبط
- حقل الضبط: OSt
005 - تاريخ ووقت أخر عملية
- حقل الضبط: 20130105200415.0
008 - عناصر بيانات ثابتة الطول
- حقل تحكم ثابت الطول: 130105|||a|||||| | ||| d
040 ## - مصدر الفهرسة
- هيئة الفهرسة الأصلية: OSt
- وكالة الكتابة: OSt
155 ## - الراس-نوع ادبي/مصطلح شكلي
- النوع الادبي/المصطلح الشكلي: Wörterbuch.
670 ## - بيانات المصدر موجوده
- الاستشهاد بالمصدر: Work cat.: (OSt)0: Crystal, David, 1941- 7961, The Cambridge encyclopedia of language /, 2010.
